000 00471nam a22001697a 4500
999 _c60680
_d60680
005 20231006115951.0
008 231006s1978 enk||||| |||| 00| 0 eng d
020 _a0333258253
041 _aeng
080 _a7.71(495) R-66
100 _aRobertson, Martin
_920014
245 _aGreek painting
_cMartin Robertson.
264 _aNew York,
_c1978.
300 _a104 p.:
_bill.;
_c29 cm.
653 _aბერძნული მხატვრობა
942 _2udc
_cBK